Emoji Quiz #13 - Statistics

General Stats
  • This quiz has been taken 14 times
  • The average score is 15 of 25
Answer Stats
Hint Answer % Correct
πŸ§‘β€πŸ« {teacher}
86%
πŸ‘· {construction} worker
79%
πŸ’‚ {guard}
79%
πŸ§‘β€πŸŽ¨ {artist}
71%
πŸ§‘β€πŸš€ {astronaut}
71%
πŸ§‘β€πŸ³ {cook}
71%
πŸ§‘β€βš–οΈ {judge}
71%
πŸ₯· {ninja}
71%
πŸ§‘β€πŸΌ person feeding {baby}
71%
πŸ§‘β€βœˆοΈ {pilot}
71%
πŸ§‘β€πŸŒΎ {farmer}
64%
πŸ§‘β€πŸš’ {firefighter}
64%
πŸ«„ {pregnant} person
64%
🦸 {superhero}
64%
πŸ§‘β€πŸ”¬ {scientist}
57%
πŸ§‘β€πŸŽ€ {singer}
57%
πŸ§‘β€πŸŽ“ {student}
57%
πŸ§‘β€βš•οΈ {health} worker
50%
πŸ§‘β€πŸ”§ {mechanic}
50%
πŸ‘° person with {veil}
50%
🀡 person in {tuxedo}
43%
πŸ§‘β€πŸ’Ό {office} worker
36%
πŸ§‘β€πŸ’» {techno}logist
36%
πŸ§• woman with {headscarf}
29%
πŸ§‘β€πŸ­ {factory} worker
21%
No matching quizzes found
Score Distribution
Percent of People with Each Score
Percentile by Number Answered
Your Score History
You have not taken this quiz